000 00608nam a2200229Ia 4500
003 OSt
005 20220923220632.0
006 a|||||r|||| 00| 0
007 ta
008 220922b |||||||| |||| 00| 0 hin d
024 _a188,149
037 _cTextual
040 _aARTS
_cARTS
_bhin
041 _2hin
_ahin
082 _aV4:1.N5, 152J6-;2
100 _aपरदेशी
245 0 _aएशिया का राजनीति
246 _aEshiyā kā rājanīti
260 _c1956
942 _hV4:1.N5, 152J6-;2
_cTEXL
_2CC
999 _c341225
_d341225